000
00293nam a22001457a 4500
020
_a
81-264-1232-1
082
_a
894.812.1
_b
TAG/G
100
_a
TAGOR
245
_a
GEETHANJALI
260
_a
KOTTAYAM
_b
DC BOOKS
_c
2006
300
_a
179
520
_a
POETRY
650
_a
POETRY
942
_c
BK
999
_c
4510
_d
4510